[Event "69th ch-RUS HL 2016"]
[Site "Kolomna RUS"]
[Date "2016.06.22"]
[Round "1.24"]
[White "Truskavetsky, Alexandr"]
[Black "Antipov, Mikhail Al."]
[Result "1/2-1/2"]
[WhiteTitle "IM"]
[BlackTitle "GM"]
[WhiteElo "2389"]
[BlackElo "2584"]
[WhiteFideId "14108577"]
[BlackFideId "4107012"]
[EventDate "2016.06.22"]

1. d4 Nf6 2. Bg5 e6 3. Nf3 h6 4. Bxf6 Qxf6 5. Nc3 d5 6. Qd3 a6 7. e4 Bb4 8. a3
Bxc3+ 9. bxc3 Bd7 10. Qe3 dxe4 11. Nd2 Bc6 12. Nxe4 Qe7 13. Bd3 Nd7 14. O-O O-O
15. a4 Nb6 16. a5 Nd5 17. Qg3 b6 18. Rfe1 Rfd8 19. h4 Bb7 20. Rab1 Rab8 21. axb6
cxb6 22. c4 Nb4 23. c3 Nxd3 24. Qxd3 Qc7 25. Qg3 Qxg3 26. Nxg3 Bc6 27. Rb2 b5
28. cxb5 Bxb5 29. Ne4 Bc6 30. Ra2 Bxe4 31. Rxe4 Rd6 32. Re5 Rc8 33. Ra3 Kf8 34.
Kf1 Rdc6 35. Re3 Rb8 36. Re5 Rb2 37. Re2 Rb1+ 38. Re1 Rb5 39. g3 Ke7 40. Rc1 Rb2
41. Kg2 g5 42. hxg5 hxg5 43. Kf3 f5 44. Ke3 g4 45. c4 Rb4 46. c5 Kf7 47. Kd3 e5
48. Rc4 Rb5 49. dxe5 Ke6 50. Kd4 Rb1 51. Rca4 1/2-1/2

[Event "69th ch-RUS HL 2016"]
[Site "Kolomna RUS"]
[Date "2016.06.22"]
[Round "1.25"]
[White "Alekseenko, Kirill"]
[Black "Rodin, Dmitrij"]
[Result "1/2-1/2"]
[WhiteTitle "GM"]
[BlackTitle "FM"]
[WhiteElo "2576"]
[BlackElo "2371"]
[WhiteFideId "4135539"]
[BlackFideId "4127412"]
[EventDate "2016.06.22"]

1. e4 e5 2. Nf3 Nc6 3. Bb5 Nf6 4. d3 Bc5 5. Bxc6 dxc6 6. Nbd2 O-O 7. Nc4 Nd7 8.
Qe2 Bd6 9. Bd2 Re8 10. O-O-O c5 11. h4 Nf8 12. Ne3 Ne6 13. Nf5 Nd4 14. N3xd4
cxd4 15. Qg4 Bxf5 16. exf5 Bf8 17. h5 Qd5 18. Kb1 e4 19. f6 Qe6 20. Qxe6 Rxe6
21. fxg7 Bxg7 22. dxe4 Rxe4 23. h6 Bf6 24. Rh5 Rae8 25. Rf5 R8e6 26. a3 Kf8 27.
Rh1 Re2 28. Kc1 b6 29. Rh3 Ke7 30. Rhf3 R2e5 31. g4 Rxf5 32. Rxf5 Re5 33. Rxe5+
Bxe5 34. Kd1 Ke6 35. Ke2 Kd5 36. f4 Bd6 37. Kf3 c5 38. g5 Be7 39. f5 Ke5 40. Kg4
Ke4 41. b3 b5 42. g6 fxg6 43. fxg6 hxg6 44. Bg5 Bf8 45. h7 Bg7 46. Be7 c4 47.
bxc4 bxc4 48. Kg5 d3 49. cxd3+ Ke5 1/2-1/2

[Event "69th ch-RUS HL 2016"]
[Site "Kolomna RUS"]
[Date "2016.06.22"]
[Round "1.26"]
[White "Korniushin, Nikolay"]
[Black "Ponkratov, Pavel"]
[Result "0-1"]
[WhiteTitle "IM"]
[BlackTitle "GM"]
[WhiteElo "2348"]
[BlackElo "2573"]
[WhiteFideId "4123808"]
[BlackFideId "4157800"]
[EventDate "2016.06.22"]

1. c4 c5 2. Nf3 Nc6 3. g3 g6 4. Bg2 Bg7 5. O-O e6 6. Nc3 Nge7 7. d3 O-O 8. Bf4
d5 9. cxd5 Nxd5 10. Nxd5 exd5 11. Qc1 Re8 12. Qxc5 Rxe2 13. Rae1 Bf8 14. Qc1
Rxe1 15. Rxe1 Bf5 16. Ne5 Nd4 17. Qc3 Ne6 18. Bd2 Nc5 19. b4 Na4 20. Qd4 Be6 21.
h4 Bg7 22. h5 gxh5 23. Bf3 h4 24. gxh4 Nb6 25. Qf4 Nd7 26. d4 Nxe5 27. dxe5 Kh8
28. Be2 f6 29. Bd3 Qg8 30. exf6 Bxf6+ 31. Kh1 Bg7 32. h5 Rf8 33. Qg3 Qf7 34. h6
Bd4 35. Be3 Qh5+ 36. Kg2 Be5 37. Bf4 Rxf4 0-1

[Event "69th ch-RUS HL 2016"]
[Site "Kolomna RUS"]
[Date "2016.06.22"]
[Round "1.27"]
[White "Pridorozhni, Aleksei"]
[Black "Bykov, Egor"]
[Result "1-0"]
[WhiteTitle "GM"]
[BlackTitle "FM"]
[WhiteElo "2552"]
[BlackElo "2341"]
[WhiteFideId "4127870"]
[BlackFideId "34115290"]
[EventDate "2016.06.22"]

1. e4 e6 2. d4 d5 3. Nc3 Nf6 4. Bg5 Be7 5. e5 Nfd7 6. h4 h6 7. Bxe7 Qxe7 8. Qd2
a6 9. f4 c5 10. Nf3 Nc6 11. O-O-O b5 12. dxc5 Nxc5 13. Nd4 Nxd4 14. Qxd4 b4 15.
Ne2 O-O 16. Qe3 Bd7 17. Nd4 Rfc8 18. Kb1 a5 19. g4 a4 20. Bd3 b3 21. a3 bxc2+
22. Bxc2 Rab8 23. Ka1 Rb7 24. h5 Rcb8 25. Rb1 Bb5 26. g5 Bc4 27. gxh6 gxh6 28.
f5 Qf8 29. f6 Nb3+ 30. Bxb3 Rxb3 31. Nxb3 Rxb3 32. Rbg1+ Kh8 33. Qc1 Rf3 34. Rg7 1-0

[Event "69th ch-RUS HL 2016"]
[Site "Kolomna RUS"]
[Date "2016.06.22"]
[Round "1.28"]
[White "Kurbedinov, Ramis"]
[Black "Kryakvin, Dmitry"]
[Result "0-1"]
[WhiteTitle "IM"]
[BlackTitle "GM"]
[WhiteElo "2327"]
[BlackElo "2547"]
[WhiteFideId "14200619"]
[BlackFideId "4153278"]
[EventDate "2016.06.22"]

1. d4 Nf6 2. c4 c5 3. d5 g6 4. Nc3 Bg7 5. e4 O-O 6. h3 e6 7. Nf3 d6 8. Bd3 Na6
9. O-O Nc7 10. Bd2 exd5 11. exd5 b5 12. Nxb5 Nxb5 13. cxb5 Bb7 14. Bc4 Nxd5 15.
Bh6 Nb6 16. Bxg7 Kxg7 17. Be2 Qf6 18. Qd2 Rfe8 19. Rfe1 Na4 20. b3 Nc3 21. Bf1
Bxf3 22. gxf3 d5 23. f4 Re4 24. Bg2 Re2 25. Qd3 Rae8 26. Kf1 d4 27. a4 Rxe1+ 28.
Rxe1 Rxe1+ 29. Kxe1 Qe6+ 30. Kf1 Qxb3 31. Bc6 Qxa4 32. Kg2 Qa2 33. f5 Qb1 34.
Qd1 0-1

[Event "69th ch-RUS HL 2016"]
[Site "Kolomna RUS"]
[Date "2016.06.22"]
[Round "1.29"]
[White "Shaposhnikov, Evgeny"]
[Black "Vasilyev, Vasily"]
[Result "1-0"]
[WhiteTitle "GM"]
[BlackTitle "FM"]
[WhiteElo "2545"]
[BlackElo "2307"]
[WhiteFideId "4122232"]
[BlackFideId "24102180"]
[EventDate "2016.06.22"]

1. Nf3 d5 2. d4 c6 3. c4 e6 4. Qc2 Nf6 5. g3 dxc4 6. Qxc4 b5 7. Qc2 Bb7 8. Bg2
Nbd7 9. O-O c5 10. a4 Be4 11. Qd1 b4 12. Bg5 h6 13. Bxf6 Nxf6 14. Nbd2 Bd5 15.
a5 cxd4 16. Nxd4 Bxg2 17. Qa4+ Qd7 18. Qxd7+ Kxd7 19. Kxg2 e5 20. N4f3 Ke6 21.
Rac1 Bd6 22. Nc4 Rac8 23. Nxd6 Kxd6 24. Rfd1+ Ke6 25. Ne1 Rxc1 26. Rxc1 Kd6 27.
Rd1+ Kc6 28. Nd3 Kb5 29. Nxe5 Re8 30. f4 Kxa5 31. Kf3 Rc8 32. Nxf7 Rc2 33. Ne5
Kb5 34. b3 a5 35. g4 Rc3+ 36. Rd3 a4 37. bxa4+ Kxa4 38. h4 Rxd3+ 39. Nxd3 b3 40.
e4 Ka3 41. e5 Nd7 42. e6 Nc5 43. e7 Nxd3 44. e8=Q b2 45. Qa8+ Kb3 46. Qd5+ Kc3
47. Ke3 Nb4 48. Qd2+ Kb3 49. Qd1+ Kc3 50. Qe1+ Kb3 51. Qd1+ Kc3 52. Ke4 Na2 53.
Qd3+ Kb4 54. Kd4 Ka4 55. Ke4 1-0

[Event "69th ch-RUS HL 2016"]
[Site "Kolomna RUS"]
[Date "2016.06.22"]
[Round "1.30"]
[White "Suleymanyants, Odisey"]
[Black "Chigaev, Maksim"]
[Result "1/2-1/2"]
[WhiteTitle "FM"]
[BlackTitle "IM"]
[WhiteElo "2268"]
[BlackElo "2542"]
[WhiteFideId "24149357"]
[BlackFideId "4108116"]
[EventDate "2016.06.22"]

1. e4 g6 2. Nf3 Bg7 3. d3 c5 4. Nbd2 Nc6 5. g3 e6 6. Bg2 d5 7. O-O Nf6 8. exd5
Nxd5 9. Re1 O-O 10. Nc4 Qc7 11. a4 b6 12. c3 Bb7 13. a5 Rac8 14. axb6 axb6 15.
Qb3 Ra8 16. Rxa8 Rxa8 17. Ng5 Nce7 18. Nxb6 Nxb6 19. Bf4 Qc8 20. Qxb6 Bxg2 21.
Kxg2 Nd5 22. Qb5 Nxf4+ 23. gxf4 Rb8 24. Qc4 Rxb2 25. Ra1 h6 26. Ne4 Qb8 27. Kf3
Rb1 28. Rxb1 Qxb1 29. Kg2 Qb7 30. Kg1 Qa7 31. Kg2 Bf8 32. Nf6+ Kh8 33. Ne4 Qc7
34. Nd2 Kg8 35. h3 Qb7+ 36. Nf3 Bd6 37. h4 Qb8 38. Kg3 Kg7 39. Qe4 Qb1 40. c4
Qc1 41. Qe3 Qc3 42. Qe4 Qb3 43. Kg2 Qb8 44. h5 Bxf4 45. hxg6 fxg6 46. Nh4 g5 47.
Qg6+ Kf8 48. Qf6+ Ke8 49. Qxe6+ Kd8 50. Qf6+ Kc7 51. Nf3 Qc8 52. Qg7+ Kb8 53.
Qb2+ Qb7 54. Qh8+ Ka7 55. Qxh6 Qd7 56. Qh5 Qxd3 57. Qf7+ Kb6 58. Qe6+ Ka5 59.
Ne1 Qd1 60. Qc6 Kb4 61. Qb5+ Kc3 62. Qxc5 Qg4+ 63. Kf1 Qh3+ 64. Ke2 Qe6+ 65. Kf1
Qxc4+ 1/2-1/2

[Event "69th ch-RUS HL 2016"]
[Site "Kolomna RUS"]
[Date "2016.06.23"]
[Round "2.1"]
[White "Ponkratov, Pavel"]
[Black "Matlakov, Maxim"]
[Result "1/2-1/2"]
[WhiteTitle "GM"]
[BlackTitle "GM"]
[WhiteElo "2573"]
[BlackElo "2691"]
[WhiteFideId "4157800"]
[BlackFideId "4168003"]
[EventDate "2016.06.22"]

1. Nf3 d5 2. g3 Bg4 3. Bg2 c6 4. O-O Nf6 5. h3 Bh5 6. c4 e6 7. d3 dxc4 8. dxc4
Nbd7 9. Nc3 Bc5 10. Bf4 O-O 11. Qb3 Qc8 12. Rad1 Re8 13. g4 Bg6 14. Nh4 e5 15.
Nxg6 hxg6 16. Bh2 Nb6 17. g5 Nh5 18. Ne4 Bf8 19. e3 Nd7 20. Qc3 Nc5 21. Nxc5
Bxc5 22. b4 Bf8 23. Bxe5 Bxb4 24. Qxb4 Rxe5 25. h4 f6 26. Qd6 Qe8 27. Qd7 fxg5
28. Qxb7 gxh4 29. Bxc6 Rb8 30. Bxe8 Rxb7 31. Bc6 Rc7 32. Rd5 Ree7 33. Rd6 Nf6
34. Rc1 g5 35. Bg2 g4 36. c5 h3 37. Bh1 g3 38. fxg3 Rxe3 39. Kh2 Ng4+ 40. Kxh3
Nf2+ 41. Kg2 1/2-1/2

[Event "69th ch-RUS HL 2016"]
[Site "Kolomna RUS"]
[Date "2016.06.23"]
[Round "2.2"]
[White "Fedoseev, Vladimir3"]
[Black "Pridorozhni, Aleksei"]
[Result "1-0"]
[WhiteTitle "GM"]
[BlackTitle "GM"]
[WhiteElo "2665"]
[BlackElo "2552"]
[WhiteFideId "24130737"]
[BlackFideId "4127870"]
[EventDate "2016.06.22"]

1. e4 e5 2. Nf3 Nc6 3. Bb5 a6 4. Ba4 d6 5. c3 g6 6. d4 Bd7 7. O-O Bg7 8. Bg5 f6
9. Be3 Nh6 10. dxe5 fxe5 11. h3 Nf7 12. c4 O-O 13. c5 dxc5 14. Bxc5 Re8 15. Qd5
Be6 16. Qxd8 Nfxd8 17. Rc1 b5 18. Bd1 Rc8 19. Nc3 Nd4 20. Nd5 Nxf3+ 21. Bxf3 Kf7
22. a4 c6 23. Nb6 Rc7 24. Be3 Bf8 25. Be2 Rb7 26. axb5 axb5 27. Ra6 Rb8 28. Rd1
Rb7 29. Ra8 Be7 30. Nc8 Bxc8 31. Rxc8 h5 32. g3 Ke6 33. f4 Rf8 34. f5+ gxf5 35.
exf5+ Rxf5 36. Rdxd8 Bxd8 37. Rxd8 e4 38. g4 hxg4 39. Bxg4 Rg7 40. Kh2 Rxg4 41.
hxg4 Rf3 42. Re8+ Kd5 43. g5 Rf7 44. b3 1-0

[Event "69th ch-RUS HL 2016"]
[Site "Kolomna RUS"]
[Date "2016.06.23"]
[Round "2.3"]
[White "Romanov, Evgeny"]
[Black "Shaposhnikov, Evgeny"]
[Result "1/2-1/2"]
[WhiteTitle "GM"]
[BlackTitle "GM"]
[WhiteElo "2642"]
[BlackElo "2545"]
[WhiteFideId "4148843"]
[BlackFideId "4122232"]
[EventDate "2016.06.22"]

1. d4 Nf6 2. Nf3 e6 3. Bf4 b6 4. e3 Bb7 5. c4 Bb4+ 6. Nfd2 O-O 7. a3 Be7 8. Nc3
d6 9. Bd3 e5 10. Bg5 exd4 11. exd4 c5 12. Nf3 Nbd7 13. dxc5 dxc5 14. Qc2 Bxf3
15. gxf3 Ne5 16. O-O-O Nxd3+ 17. Rxd3 Qc7 18. Re3 Bd8 19. Kb1 h6 20. h4 Qc6 21.
Bf4 Bc7 22. Nd5 Bd8 23. Qf5 Qc8 24. Qxc8 Rxc8 25. Ne7+ Bxe7 26. Rxe7 Ra8 27. Rg1
Kh7 28. Be5 Nh5 29. Rd1 f6 30. Bh2 Rfe8 31. Rdd7 Rxe7 32. Rxe7 Kg6 33. Rb7 Rd8
34. Rxa7 Rd4 35. Bg3 f5 36. Bc7 Rxh4 37. Bxb6 Rxc4 38. b3 Rc3 39. Kb2 Rxf3 40.
Bxc5 Nf4 41. Bd4 Ne6 42. Bb6 h5 43. a4 h4 44. Ra8 Kh7 45. Rc8 Nf4 46. Rc4 Nd3+
47. Kc2 f4 48. Bd4 g5 49. a5 h3 50. a6 h2 51. Rc8 Nb4+ 52. Kb2 Nxa6 53. Rh8+ Kg6
54. Rxh2 Nb4 55. Bb6 Nd3+ 56. Kc2 Kf5 57. Ba7 Nb4+ 58. Kb2 Nd3+ 59. Kc2 g4 60.
Kd2 Rh3 61. Rg2 Ne5 62. Kc2 Nf3 63. Kb2 Rh1 64. b4 Ne1 65. Rxg4 Kxg4 66. b5 Rh7
67. b6 Nd3+ 68. Kc3 Nxf2 69. Kd4 f3 70. Kd5 Nd3 1/2-1/2

[Event "69th ch-RUS HL 2016"]
[Site "Kolomna RUS"]
[Date "2016.06.23"]
[Round "2.4"]
[White "Kokarev, Dmitry"]
[Black "Esipenko, Andrey"]
[Result "1-0"]
[WhiteTitle "GM"]
[BlackTitle "FM"]
[WhiteElo "2624"]
[BlackElo "2471"]
[WhiteFideId "4132181"]
[BlackFideId "24175439"]
[EventDate "2016.06.22"]

1. e4 e5 2. Nf3 Nc6 3. Bb5 a6 4. Ba4 Nf6 5. O-O Nxe4 6. d4 b5 7. Bb3 d5 8. dxe5
Be6 9. c3 Be7 10. Be3 Qd7 11. Nbd2 Nxd2 12. Qxd2 Na5 13. Bg5 c5 14. h3 h6 15.
Bxe7 Qxe7 16. Bc2 Nc6 17. Rfe1 Rd8 18. a4 b4 19. a5 bxc3 20. bxc3 Qc7 21. Qd3
Nxa5 22. Nh4 Nc6 23. f4 d4 24. Rxa6 dxc3 25. Qb5 Bd5 26. Nf5 O-O 27. Qxc5 Qb7
28. Rb6 Qa8 29. Rxc6 Bxc6 30. Ne7+ Kh8 31. Nxc6 Rc8 32. Be4 Qa4 33. Qxc3 f5 34.
Bf3 Qxf4 35. e6 Qd6 36. Qc4 Rfe8 37. Bd5 Qg3 38. Rf1 Qe3+ 39. Kh2 Qg5 40. Qd3 f4
41. Qe4 Qg3+ 42. Kh1 f3 43. Rxf3 Qd6 44. Re3 Rf8 45. Re1 Rf4 46. Qe5 Qxe5 47.
Rxe5 Re8 48. e7 g5 49. Be6 1-0

[Event "69th ch-RUS HL 2016"]
[Site "Kolomna RUS"]
[Date "2016.06.23"]
[Round "2.5"]
[White "Kryakvin, Dmitry"]
[Black "Khismatullin, Denis"]
[Result "1-0"]
[WhiteTitle "GM"]
[BlackTitle "GM"]
[WhiteElo "2547"]
[BlackElo "2623"]
[WhiteFideId "4153278"]
[BlackFideId "4142578"]
[EventDate "2016.06.22"]

1. e4 c5 2. Nf3 d6 3. d4 cxd4 4. Nxd4 Nf6 5. f3 e5 6. Nb3 a5 7. Bb5+ Nc6 8. Nc3
Be7 9. Be3 O-O 10. Na4 Be6 11. Nb6 Rb8 12. O-O d5 13. exd5 Nxd5 14. Nxd5 Bxd5
15. c4 Be6 16. Qxd8 Rfxd8 17. Bb6 Rdc8 18. Rfd1 h5 19. a4 Bd8 20. Bxd8 Nxd8 21.
Nxa5 Nc6 22. Bxc6 bxc6 23. b3 Rb6 24. Rd6 Kf8 25. Rad1 Ke7 26. b4 Ra6 27. c5 Rc7
28. h4 f6 29. f4 e4 30. Kf2 Kf7 31. Ke3 Bf5 32. Rd8 Rca7 33. R1d4 Rxa5 34. bxa5
Rxa5 35. Rc4 Be6 36. Rxe4 Rxc5 37. Rb4 Ra5 38. Rd6 Bd5 39. Rd7+ Kg6 40. f5+ Kxf5
41. Rxg7 Ke6 42. Rf4 f5 43. Rg5 Bb3 44. Rxh5 Bxa4 45. Rh6+ Ke7 46. g3 Re5+ 47.
Kf2 Bb5 48. Rb4 Kd7 49. Kf3 Kc7 50. Kf4 Rd5 51. Rf6 Bd3 52. h5 1-0

[Event "69th ch-RUS HL 2016"]
[Site "Kolomna RUS"]
[Date "2016.06.23"]
[Round "2.6"]
[White "Vavulin, Maksim"]
[Black "Eliseev, Urii"]
[Result "1/2-1/2"]
[WhiteTitle "IM"]
[BlackTitle "GM"]
[WhiteElo "2507"]
[BlackElo "2602"]
[WhiteFideId "4169530"]
[BlackFideId "24131920"]
[EventDate "2016.06.22"]

1. e4 e5 2. Nf3 Nc6 3. Bb5 a6 4. Ba4 Nf6 5. Qe2 b5 6. Bb3 Be7 7. c3 d5 8. d3 O-O
9. Bg5 Be6 10. Nbd2 h6 11. Bh4 Nh5 12. Bg3 Nxg3 13. hxg3 Bc5 14. exd5 Bxd5 15.
Ne4 Be7 16. g4 Bxb3 17. axb3 Qd5 18. g5 Qxb3 19. Nf6+ Bxf6 20. gxf6 Qe6 21. fxg7
Rfe8 22. Rh5 e4 23. dxe4 Qxe4 24. Qxe4 Rxe4+ 25. Kf1 Kxg7 26. Rc5 Re6 27. Rxb5
axb5 28. Rxa8 b4 29. Rc8 bxc3 30. bxc3 Re7 31. Nh4 Kf6 32. Rh8 Kg7 33. Ra8 Rd7
34. Nf5+ Kg6 35. Ra6 Kxf5 36. Rxc6 f6 37. g3 Rf7 38. Ke2 Re7+ 39. Kf3 h5 40.
Rc5+ Kg6 41. Kg2 Rd7 42. Kf3 Re7 43. Kf4 Re2 44. f3 Re7 45. Rc6 Rh7 46. Ke3 Re7+
47. Kf2 Rd7 48. Kg2 Rd2+ 49. Kh3 Rd7 50. g4 Rd3 51. Kg3 h4+ 52. Kxh4 Rxf3 53.
Rxc7 Re3 54. c4 Rc3 55. Rc8 Kf7 56. Rc6 Kg7 57. Rc8 Kg6 58. c5 Rc4 59. Kg3 f5
60. gxf5+ 1/2-1/2

[Event "69th ch-RUS HL 2016"]
[Site "Kolomna RUS"]
[Date "2016.06.23"]
[Round "2.7"]
[White "Khegay, Dmitriy"]
[Black "Timofeev, Artyom"]
[Result "0-1"]
[WhiteTitle "FM"]
[BlackTitle "GM"]
[WhiteElo "2434"]
[BlackElo "2586"]
[WhiteFideId "24153729"]
[BlackFideId "4140419"]
[EventDate "2016.06.22"]

1. d4 Nf6 2. c4 g6 3. f3 Nc6 4. d5 Ne5 5. e4 d6 6. Nc3 Bg7 7. f4 Ned7 8. Nh3 O-O
9. Be2 e5 10. dxe6 fxe6 11. O-O Nc5 12. Qc2 Nfd7 13. Be3 Bxc3 14. bxc3 b6 15.
Rad1 Qe7 16. e5 dxe5 17. fxe5 Bb7 18. Bg5 Qg7 19. Qd2 Rxf1+ 20. Rxf1 Ne4 21. Qe3
Qxe5 22. Bf4 Qxc3 23. Qxc3 Nxc3 24. Bg4 Nc5 25. Ng5 h5 26. Be5 N3e4 27. Nf7 hxg4
28. Nh6+ Kh7 29. Nxg4 g5 30. Rf7+ Kg6 31. Rxc7 Rd8 32. Rg7+ Kf5 33. h3 Rd7 34.
Rg8 Nd6 35. Rf8+ Nf7 36. Bc3 Ne4 37. Bd4 Nd6 38. c5 bxc5 39. Bxc5 Kg6 40. Rg8+
Kf5 41. Rf8 Nb5 42. a4 Nc3 43. Bxa7 Ne2+ 44. Kh2 Nf4 45. Bb8 Ng6 46. Re8 Rd2 47.
Ne3+ Kf6 48. Bg3 Nh6 49. Rb8 Bc6 50. Rb6 Bxa4 51. Ra6 Bb3 52. Rb6 Ba2 53. Be1
Rd3 54. Nc2 Bc4 55. Nb4 Rb3 56. Rc6 Ne5 57. Rc7 Nf5 58. Nc2 Rb2 59. Rxc4 Nxc4
60. Bc3+ e5 61. Bxb2 Nxb2 62. g4 Nh4 63. Kg3 e4 64. Kf2 Ke5 65. Ne3 Nd3+ 66. Kg3
Nf4 0-1

[Event "69th ch-RUS HL 2016"]
[Site "Kolomna RUS"]
[Date "2016.06.23"]
[Round "2.8"]
[White "Zvjaginsev, Vadim"]
[Black "Oganian, Miran"]
[Result "1/2-1/2"]
[WhiteTitle "GM"]
[BlackTitle "IM"]
[WhiteElo "2677"]
[BlackElo "2433"]
[WhiteFideId "4113403"]
[BlackFideId "4122488"]
[EventDate "2016.06.22"]

1. e4 c5 2. Nf3 Nc6 3. Bb5 d6 4. O-O Bd7 5. Re1 Nf6 6. c3 a6 7. Bf1 Bg4 8. h3
Bxf3 9. Qxf3 e6 10. Na3 Be7 11. Nc2 O-O 12. d4 cxd4 13. cxd4 d5 14. e5 Nd7 15.
Qg4 Re8 16. Bh6 Bf8 17. Bd3 f5 18. exf6 Nxf6 19. Qg3 Nh5 20. Qf3 Qf6 21. Qxh5
Qxh6 22. Qxh6 gxh6 23. Be2 Bg7 24. Rad1 Rac8 25. Bg4 Ne5 26. Ne3 Nxg4 27. hxg4
Kf7 28. f4 Kg6 29. Rf1 Rc6 30. Kh2 h5 31. f5+ exf5 32. gxh5+ Kxh5 33. Rxf5+ Kg6
34. Rf3 Rf6 35. Rxf6+ Kxf6 36. Nxd5+ Kf5 37. Nc3 Rd8 38. Ne2 Re8 39. Rf1+ Ke6
40. Rf4 Kd6 41. Nc3 b5 42. a3 Kc6 43. Rh4 Rd8 44. d5+ Kb6 45. Rxh7 Bxc3 46. bxc3
Rxd5 47. Rh6+ Ka5 48. Rc6 Rd2 49. Kh3 Ra2 50. g4 Rxa3 51. Kh4 b4 52. cxb4+ Kxb4
53. g5 Ra1 54. g6 a5 55. Rb6+ Kc4 56. Ra6 Rg1 57. Kh5 Kb5 58. Re6 a4 59. Re5+
Kb4 60. Re4+ Kb3 61. Rg4 Rxg4 62. Kxg4 a3 63. g7 a2 64. g8=Q+ Kb2 1/2-1/2

[Event "69th ch-RUS HL 2016"]
[Site "Kolomna RUS"]
[Date "2016.06.23"]
[Round "2.10"]
[White "Bocharov, Ivan"]
[Black "Sjugirov, Sanan"]
[Result "1/2-1/2"]
[WhiteTitle "FM"]
[BlackTitle "GM"]
[WhiteElo "2517"]
[BlackElo "2665"]
[WhiteFideId "4180887"]
[BlackFideId "4189302"]
[EventDate "2016.06.22"]

1. e4 c5 2. Nf3 e6 3. g3 Nc6 4. Bg2 Nf6 5. Qe2 Be7 6. c3 d5 7. e5 Nd7 8. d4 b6
9. O-O a5 10. Rd1 Ba6 11. Qe3 Qc7 12. a4 b5 13. axb5 Bxb5 14. Na3 Ba6 15. c4 Nb6
16. cxd5 Nxd5 17. Qe4 cxd4 18. Qg4 g6 19. Bh6 Be2 20. Re1 d3 21. Rec1 Qd7 22.
Nc4 Rb8 23. Qe4 Bf8 24. Bd2 Bb4 25. Bh6 Nce7 26. g4 Nc6 27. Nd4 Nxd4 28. Qxd4
Ke7 29. Bg5+ Kf8 30. Bh6+ Ke7 31. Bg5+ Kf8 32. Bh6+ Ke7 33. Bg5+ Kf8 34. Bh6+
Ke7 35. Bg5+ Kf8 36. Bh6+ Ke7 37. Bg5+ Kf8 38. Bh6+ Ke7 39. Bg5+ Kf8 40. Bh6+ 1/2-1/2

[Event "69th ch-RUS HL 2016"]
[Site "Kolomna RUS"]
[Date "2016.06.23"]
[Round "2.11"]
[White "Lysyj, Igor"]
[Black "Gabrielian, Artur"]
[Result "1-0"]
[WhiteTitle "GM"]
[BlackTitle "GM"]
[WhiteElo "2663"]
[BlackElo "2520"]
[WhiteFideId "4150120"]
[BlackFideId "4131002"]
[EventDate "2016.06.22"]

1. d4 Nf6 2. c4 g6 3. Nc3 Bg7 4. e4 d6 5. Nf3 O-O 6. Be2 e5 7. O-O exd4 8. Nxd4
Re8 9. f3 c6 10. Kh1 Nbd7 11. Bf4 Ne5 12. Qd2 Be6 13. Nxe6 Rxe6 14. Rfd1 Qf8 15.
Rac1 Nh5 16. Be3 f5 17. b4 f4 18. Bf2 g5 19. c5 dxc5 20. bxc5 Rg6 21. Qb2 Rb8
22. Qb3+ Kh8 23. Nb1 Qe7 24. Nd2 Nf6 25. Nc4 Nxc4 26. Rxc4 g4 27. Bh4 Qe5 28.
Rcd4 Rf8 29. Rd8 gxf3 30. Bxf3 Qxc5 31. Qxb7 Ng8 32. R8d7 a5 33. Qa7 Qe5 34. Bf2
Nf6 35. Rd8 h5 36. Rxf8+ Bxf8 37. Qf7 Qe8 38. Qxe8 Nxe8 39. Rd8 Re6 40. Bxh5 Nf6
41. Rxf8+ Kg7 42. Rf7+ Kg8 43. Rxf6 Rxf6 44. Bd1 Rd6 45. Bb3+ Kh7 46. h3 Kh6 47.
e5 Rd2 48. Bh4 Re2 49. e6 1-0

[Event "69th ch-RUS HL 2016"]
[Site "Kolomna RUS"]
[Date "2016.06.23"]
[Round "2.12"]
[White "Popov, Ivan RUS"]
[Black "Prizant, Jaroslav"]
[Result "1-0"]
[WhiteTitle "GM"]
[BlackTitle "IM"]
[WhiteElo "2648"]
[BlackElo "2511"]
[WhiteFideId "4170350"]
[BlackFideId "4140664"]
[EventDate "2016.06.22"]

1. d4 Nf6 2. Bf4 g6 3. Nc3 d6 4. e4 Nc6 5. Qd2 h6 6. O-O-O Bg7 7. h3 Nh5 8. Be3
e5 9. Nf3 exd4 10. Nxd4 Nxd4 11. Bxd4 Bxd4 12. Qxd4 O-O 13. Qe3 Kh7 14. g4 Ng7
15. e5 f5 16. Nd5 Be6 17. Nf6+ Rxf6 18. exf6 Qxf6 19. Bg2 Re8 20. Qd4 Qxd4 21.
Rxd4 b6 22. Re1 Rf8 23. Bd5 Rf6 24. c4 a5 25. f4 fxg4 26. hxg4 Bxg4 27. Re7 c5
28. Rde4 Bf5 29. Re1 g5 30. fxg5 hxg5 31. Rb7 Kg6 32. Rxb6 g4 33. Ra6 Kg5 34.
Rxa5 Nh5 35. Ra8 Bg6 36. Rg8 Nf4 37. Kd2 g3 38. Bf3 Ne6 39. Be4 Nf4 40. a4 g2
41. Rg1 1-0

[Event "69th ch-RUS HL 2016"]
[Site "Kolomna RUS"]
[Date "2016.06.23"]
[Round "2.13"]
[White "Novikov, Maxim"]
[Black "Riazantsev, Alexander"]
[Result "1/2-1/2"]
[WhiteTitle "GM"]
[BlackTitle "GM"]
[WhiteElo "2513"]
[BlackElo "2646"]
[WhiteFideId "4161289"]
[BlackFideId "4125029"]
[EventDate "2016.06.22"]

1. e4 c6 2. d4 d5 3. exd5 cxd5 4. Bd3 Nc6 5. c3 Qc7 6. Ne2 Bg4 7. Bf4 Qxf4 8.
Nxf4 Bxd1 9. Kxd1 e6 10. Bb5 Bd6 11. Nd3 Ne7 12. Nd2 a6 13. Bxc6+ Nxc6 14. f4 f6
15. a4 b6 16. Nb3 a5 17. Nd2 h6 18. h4 h5 19. Nf3 Kf7 20. Re1 Ne7 21. Ke2 Nf5
22. Kf2 Rh6 23. g3 Rc8 24. Rg1 Be7 25. Rge1 Bd6 26. Rg1 Rc7 27. Rge1 Rh8 28. Re2
Re8 29. Ree1 Bf8 30. Nd2 Rb8 31. Ra2 Bd6 32. Nf3 Ra7 33. Rh1 Bc7 34. Re1 Raa8
35. Rg1 Rg8 36. Raa1 Rab8 37. Rge1 Nd6 38. Nd2 Rge8 39. Re2 Re7 40. Kg2 Rh8 41.
Rh1 Rg8 42. Kf2 Ke8 43. Rhe1 Kf7 44. Rh1 Nf5 45. Nf3 Rh8 46. Rg1 Rh6 47. Rge1
Bb8 48. Rg1 Re8 49. Rge1 Bd6 50. Rg1 Bc7 51. Rge1 Bb8 52. Rg1 Nd6 53. Nd2 Rg6
54. Ree1 Rc8 55. Kf3 Rh6 56. Re2 Rhh8 57. Rge1 Rhe8 58. Kf2 Rc7 59. Kf3 Ra7 60.
Kf2 Rb7 61. Ra1 Nf5 62. Nf3 Bd6 63. Ree1 Ra8 64. Ra2 Bc7 65. Raa1 Bd6 66. Ra2
Rc8 67. Raa1 Bf8 68. Ra2 Rbb8 69. Re2 Rc7 70. Re1 Nd6 71. Nd2 Nc4 72. Re2 Nd6 1/2-1/2

[Event "69th ch-RUS HL 2016"]
[Site "Kolomna RUS"]
[Date "2016.06.23"]
[Round "2.14"]
[White "Goryachkina, Aleksandra"]
[Black "Grachev, Boris"]
[Result "1/2-1/2"]
[WhiteTitle "WGM"]
[BlackTitle "GM"]
[WhiteElo "2486"]
[BlackElo "2639"]
[WhiteFideId "4147103"]
[BlackFideId "4129199"]
[EventDate "2016.06.22"]

1. d4 g6 2. e4 Bg7 3. Nc3 d6 4. f4 c6 5. Nf3 Bg4 6. Be2 Qb6 7. e5 Nh6 8. Ne4 Nf5
9. c3 d5 10. Nf2 Bxf3 11. Bxf3 h5 12. O-O e6 13. Qb3 Bf8 14. Nd1 c5 15. Ne3 cxd4
16. Nxf5 gxf5 17. c4 dxc4 18. Qxc4 Nc6 19. Bd2 Bg7 20. a4 a5 21. Qb5 Qc7 22.
Rac1 O-O 23. Bxh5 Rfd8 24. Bf3 d3 25. Be3 d2 26. Rc2 Qe7 27. Rxd2 Rxd2 28. Bxd2
Nd4 29. Qxb7 Qxb7 30. Bxb7 Rb8 31. Ba6 Rxb2 32. Rd1 Bf8 33. Kf1 Ra2 34. Be3 Nc2
35. Bf2 Rxa4 36. g3 Ra1 37. Rxa1 Nxa1 38. Ke2 Nb3 39. Bc4 Nc5 40. Bxc5 Bxc5 41.
Bb3 Kg7 1/2-1/2